| 000 | 01232nam a22002415i 4500 | ||
|---|---|---|---|
| 001 | 154752 | ||
| 003 | ES-MaACL | ||
| 005 | 20250714063114.0 | ||
| 008 | 050720s1876 sp | |||||||| ||spa d | ||
| 040 |
_aCAM _bspa _cCAM |
||
| 110 | 1 |
_aGranada (Provincia). _bDiputación Provincial. _eisb _94488 |
|
| 245 | 1 | 0 | _aMemoria presentada por la Comisión Provincial de Granada y leída por su vicepresidente ... D. José de Rojas Garvayo a la Excma. Diputación en su sesión ordinaria del segundo período semestral de 1875-76 celebrada en 19 de abril de 1876 |
| 260 |
_aGranada : _bImp. y Lib. de D. Paulino V. Sabatel, _c1876. |
||
| 300 |
_a31 páginas ; _c25 cm. |
||
| 530 | _aDisponible en formato digital | ||
| 700 | 1 |
_aRojas Garvayo, José de _9132000 |
|
| 852 |
_aES-MaACL _cDEPO2 _hDonativo Roda _jL-4912(20-7) _xHolandesa conservando cub. original |
||
| 852 |
_aES-MaACL _cDEPOF _hDonativo Roda _jT-1439-F-1 _xEnc. en un vol. facticio _xHolandesa conservando cub. original |
||
| 856 |
_uhttp://hdl.handle.net/10481/18116 _7Versión en línea _z(Ilíberis: fondo bibliográfico histórico de la Universidad de Granada) |
||
| 942 |
_2udc _cFOLLETOS _n0 |
||
| 999 |
_c154752 _d154752 |
||